000 01514cad a22002295a 4500
001 L137574
008 070417e20070404xxk f f000 0 eng d
035 _a(Sirsi) u137574
041 0 _aeng
050 0 4 _a333.7911 $2 18
110 1 _aUnited Kingdom
_bDepartment for Communities and Local Government
_94939
245 0 0 _aChanges to permitted development
_bConsultation paper one
_bpermitted development rights for householder microgeneration
_h[electronic resource}
260 _aLondon
_bDCLG
_C2007
490 0 _aDepartment for Communities and Local Government Changes to Permitted Development Consultation Paper
_v1
520 _aSets out UK government proposals for changes to the planning system in relation to the installation of microgeneration equipment for domestic properties. Explains the changes recommended in order to extend and clarify the scope of permitted development. Suggests that the changes would remove the need for a planning application from many householders. Makes recommendations under the following headings: solar, heat pumps, wind turbines, biomass, combined heat and power and hydro. Specifically considers the noise and vibration implications of proposals.
590 _aKA NTK
650 2 4 _aSUSTAINABLE DEVELOPMENT
651 4 _aUnited Kingdom
_y
690 _aENVIRONMENTAL AND LAND CONSULTANCY-ENERGY-ENERGY USE-ENERGY CONSERVATION
856 4 0 _uhttps://www.communities.gov.uk/index.asp?id=1508888
_zView the item free of charge at www.communities.gov.uk...
942 _n0
999 _c106830
_d106830